00647 2200217 4500001002100000005001500021035002000036245008200056100001900138250001400157300004900171260003400220082001000254084001600264020001900280650002500299650003000324650003500354504002000389990002000409INLIS00000000000385020230130015244 a0010-01230003771 aArief Rachman : Guru :bBerdasarkan Catatan UKIM Komarudin /cUkim Komarudin0 aUkim Komarudin aCet. 1,-- axxxi + 197 hlm. :bilus. ;c16,5 x 21,5 cm. aJakarta. :bErlangga.,c2015. a370.1 a370.1 UKI a a978602759699-3 aEditor, Alwi Kosasih aDesainer sampul, @aberiot aSumber sampul, Koleksi pribadi acatatan penulis a15591/P/Bl/2022